[Event "FRA-ch Juniors op"]
[Site "Aix les Bains"]
[Date "2009.04.20"]
[Round "2"]
[White "Fischer, Alexis"]
[Black "Muller, Matthieu"]
[Result "0-1"]
[WhiteElo "1550"]
[BlackElo "1808"]
[PlyCount "26"]
[EventDate "2009.04.19"]
[EventType "swiss"]
[EventRounds "9"]
[EventCountry "FRA"]
[SourceTitle "CBM 130 Extra"]
[Source "ChessBase"]
[SourceDate "2009.07.02"]
[SourceVersion "2"]
[SourceVersionDate "2009.07.15"]
[SourceQuality "1"]

1. c4 e5 2. g3 Nf6 3. Bg2 d5 4. cxd5 Nxd5 5. Nc3 c6 6. Qa4 Nb6 7. Qc2 Be6 8. e3 Na6 9. a3 Nc5 10. Bf1 Bb3 11. Qf5 Qd6 12. Ne4 Nxe4 13. Qxe4 Bd5 0-1